Petit Bac #10 - Capitales d'Océanie - Statistiques

Statistiques générales
  • Ce quiz a été pris 981 fois
  • Le résultat moyen est 7 sur 11
Statistiques - réponses
1ère Lettre Capitale % Correct
C Canberra
97%
W Wellington
92%
P Palikir / Port Moresby / Port-Vila
68%
F Funafuti
59%
S Suva
58%
Y Yaren
54%
A Apia
53%
N Nuku'alofa / Ngerulmud
53%
H Honiara
50%
T Tarawa
44%
M Majuro
40%
Aucun quiz correspondant
Distribution des résultats
% des personnes avec chaque résultat
Percentile par nombre de réponses
Votre historique - résultats
Vous n’avez pas pris ce quiz